000 01225nam a2200325 i 4500
001 000045727
003 DO-SdBNP
005 20250123131622.0
007 ta
008 150508s2014 dr a 000 0 spa d
020 _a9789945472431
040 _aDO-SdBNP
_bspa
_cBNPHU
_erda
082 4 _222
100 1 _aHernández Mella, Rocio
_eautor
_912263
245 1 4 _aLas diosas sometidas :
_bautoconcepto en mujeres de grupos vulnerables, encuentros afectivo-participativos y sus efectos en el self /
_cRocío Hernández Mella, Patricia Liranzo Soto ; cuidado de edición Fari Rosario
264 _aSanto Domingo :
_bINTEC,
_c2014.
300 _a243 páginas :
_bilustraciones ;
_c23 cm.
336 _2rdacontent
_atexto
_btxt
337 _2rdamedia
_asin mediación
_bn
338 _2rdacarrier
_avolumen
_bnc
500 _aIncluye notas a pie de las páginas
500 _aIncluye datos biografícos de las autoras en las solapas.
504 _aBibliografía : p. 195-203
590 _aInventariado, 2020/VM
700 1 _aLiranzo Soto, Patricia
_973784
700 1 _aRosario, Fari,
_ecuidado de edición
_943335
710 2 _aInstituto Tecnológico de Santo Domingo
_978911
910 _aBtavárez
942 _2ddc
_cLBS1
999 _c45216
_d45216